Microelectronic circuits E-Book (Record no. 213192)
[ view plain ]
| 000 -LEADER | |
|---|---|
| fixed length control field | 00925 a2200253 4500 |
| 003 - CONTROL NUMBER IDENTIFIER | |
| control field | Nust |
| 005 - DATE AND TIME OF LATEST TRANSACTION | |
| control field | 20170207165829.0 |
| 010 ## - LIBRARY OF CONGRESS CONTROL NUMBER | |
| LC control number | 2003066178 |
| 020 ## - INTERNATIONAL STANDARD BOOK NUMBER | |
| International Standard Book Number | 0-19-514252-7 (ISE) |
| 020 ## - INTERNATIONAL STANDARD BOOK NUMBER | |
| International Standard Book Number | 978-0-19-514252-5 (ISE) |
| 035 ## - SYSTEM CONTROL NUMBER | |
| System control number | 13351982 |
| 040 ## - CATALOGING SOURCE | |
| Transcribing agency | Nust |
| 082 00 - DEWEY DECIMAL CLASSIFICATION NUMBER | |
| Classification number | 621.381 |
| 100 1# - MAIN ENTRY--PERSONAL NAME | |
| Personal name | Sedra, Adel S. |
| 245 10 - TITLE STATEMENT | |
| Title | Microelectronic circuits E-Book |
| Statement of responsibility, etc. | Adel S. Sedra, Kenneth C. Smith |
| 250 ## - EDITION STATEMENT | |
| Edition statement | 5. ed. |
| 260 ## - PUBLICATION, DISTRIBUTION, ETC. | |
| Place of publication, distribution, etc. | New York : |
| Name of publisher, distributor, etc. | Oxford University Press, |
| Date of publication, distribution, etc. | 2004 |
| 300 ## - PHYSICAL DESCRIPTION | |
| Extent | xxx, 1283, [76] s. : |
| Other physical details | ill. + |
| Accompanying material | 1 CD-ROM |
| 490 1# - SERIES STATEMENT | |
| Series statement | Oxford series in electrical and computer engineering, |
| International Standard Serial Number | 99-0228836-7 |
| 505 ## - FORMATTED CONTENTS NOTE | |
| Formatted contents note | Part 1- Devices and Basic circuits (Page-02), Part 2- Analog and digital intergrated circuits(Page-542),Part 3- Select Topics (Page-1010). |
| 650 #0 - SUBJECT ADDED ENTRY--TOPICAL TERM | |
| Topical term or geographic name entry element | Telecommunications engineering - (E-BOOK) |
| 700 1# - ADDED ENTRY--PERSONAL NAME | |
| Personal name | Smith, Kenneth Carless |
| 830 #0 - SERIES ADDED ENTRY--UNIFORM TITLE | |
| Uniform title | HRW series in electrical and computer engineering |
| 942 ## - ADDED ENTRY ELEMENTS (KOHA) | |
| Source of classification or shelving scheme | |
| Koha item type | Book |
| Withdrawn status | Lost status | Source of classification or shelving scheme | Damaged status | Not for loan | Collection code | Permanent Location | Current Location | Date acquired | Total Checkouts | Full call number | Barcode | Date last seen | Price effective from | Koha item type |
|---|---|---|---|---|---|---|---|---|---|---|---|---|---|---|
| Military College of Signals (MCS) | Military College of Signals (MCS) | 12/12/2016 | 621.381 SED | MCSEB-3189 | 12/08/2016 | 12/12/2016 | Book |
